Statistics for Countries That Contain the Phrase 'Land'

Click here to take the quiz!

General Stats

  • This quiz has been taken 55 times
  • The average score is 7 of 10

Answer Stats

Country% Correct
Iceland
94%
Finland
88%
Ireland
88%
Netherlands
76%
Poland
71%
New Zealand
69%
Switzerland
65%
Thailand
57%
Marshall Islands
49%
Solomon Islands
49%

Score Distribution

Percentile by Number Answered

Percent of People with Each Score

Your Score History

You have not taken this quiz